000
00298nam a2200109Ia 4500
008
200302s9999 xx 000 0 und d
100
_a
Lou Michel
245
_a
Light : The Shape of Space Designing With Space and Light
260
_b
Van Nostrand Reingold Co. Ltd.
260
_c
1996
300
_a
277 P.,
999
_c
938
_d
938